Grêmio campeão da Libertadores da América 1995 - Elenco - Statistics

Estatísticas Gerais
  • Esse quiz foi jogado 245 vezes
  • A pontuação média é 12 de 26
Estatísticas das Respostas
Número Atleta % Correto
07 Paulo Nunes
99%
16 Jardel
97%
01 Danrlei
90%
02 Arce
81%
Técnico Luiz Felipe Scolari
81%
05 Dinho
79%
06 Roger
78%
24 Rivarola
72%
04 Adílson
69%
11 Carlos Miguel
68%
08 Luís Carlos Goiano
59%
19 Arílson
56%
13 Vágner Mancini
34%
12 Murilo
31%
10 Nildo
31%
15 Alexandre Gaúcho
30%
03 Luciano
30%
09 Magno
29%
14 Wágner
24%
17 André Vieira
14%
22
14%
23 Scheidt
13%
25 Jacques
12%
18 Carlos Alberto
8%
21 Dega
7%
20 Antônio Carlos
4%
Nenhum quiz correspondente encontrado
Distribuição das Pontuações
Porcentagem de Pessoas com Cada Pontuação
Percentil de Números Respondidos
Sua Pontuação Histórica
Você não jogou esse quiz